भारतीय भक्ति साहित्य / (Record no. 119741)

MARC details
000 -LEADER
fixed length control field 01123nam a22002657a 4500
005 - DATE AND TIME OF LATEST TRANSACTION
control field 20170124103147.0
010 ## - LIBRARY OF CONGRESS CONTROL NUMBER
LC control number A-721999
020 ## - INTERNATIONAL STANDARD BOOK NUMBER
Terms of availability 100.00
International Standard Book Number 8170553369
035 ## - SYSTEM CONTROL NUMBER
System control number A-721999
037 ## - SOURCE OF ACQUISITION
Source of stock number/acquisition Cen Lib/Ret
040 ## - CATALOGING SOURCE
Original cataloging agency DPL
Language of cataloging HN
082 ## - DEWEY DECIMAL CLASSIFICATION NUMBER
Classification number 821.08
Item number बोरारा
100 ## - MAIN ENTRY--PERSONAL NAME
Personal name बोरा, राजमल
9 (RLIN) 86640
245 ## - TITLE STATEMENT
Title भारतीय भक्ति साहित्य /
Statement of responsibility, etc राजमल बोरा
246 ## - VARYING FORM OF TITLE
Title proper/short title Bhartiya bhakti sahitya /
Remainder of title by Rajmal Bora
260 ## - PUBLICATION, DISTRIBUTION, ETC. (IMPRINT)
Place of publication, distribution, etc नई दिल्ली
Name of publisher, distributor, etc वाणी प्रकाशन
Date of publication, distribution, etc 1994
270 ## - ADDRESS
Address 21-ए, दरियागंज
City नई दिल्ली
Postal code 110002
300 ## - PHYSICAL DESCRIPTION
Extent 176पृ.
Dimensions 21सेमी(सजिल्द)
Other physical details
500 ## - GENERAL NOTE
General note अनुक्रमणिका शामिल
650 ## - SUBJECT ADDED ENTRY--TOPICAL TERM
Topical term or geographic name as entry element भक्ति--धर्म निरपेक्षता
9 (RLIN) 86641
650 ## - SUBJECT ADDED ENTRY--TOPICAL TERM
Topical term or geographic name as entry element भक्ति--भारतीय संस्कृति
9 (RLIN) 4281
650 ## - SUBJECT ADDED ENTRY--TOPICAL TERM
Topical term or geographic name as entry element Devotion--secular
9 (RLIN) 86642
650 ## - SUBJECT ADDED ENTRY--TOPICAL TERM
Topical term or geographic name as entry element Devotion--Indian Culture
9 (RLIN) 86643
942 ## - ADDED ENTRY ELEMENTS (KOHA)
Source of classification or shelving scheme Dewey Decimal Classification
Koha item type Hindi Books
Classification part 821.08
Call number suffix बोरारा
Holdings
Withdrawn status Lost status Damaged status Not for loan Home library Current library Date acquired Source of acquisition Cost, normal purchase price Total Checkouts Full call number Barcode Date last seen Date checked out Copy number Cost, replacement price Price effective from Koha item type
        Central Library Central Library 18/09/2015 Cen Lib/Ret 100.00 1 821.08 बोरारा A-721999 09/09/2017 12/08/2017 1 100.00 18/09/2015 Hindi Books

© Delhi Public Library
Hit Counter
free hit counter